000 00654nam a22001817a 4500
999 _c62306
_d62306
005 20240920160343.0
008 240920s2016 enk||||| |||| 00| 0 eng d
020 _a9781683730156x
041 _aeng
080 _a615.861+159 B-41
100 _aBelmont, Judith A.
_923262
245 _a150 More Group Therapy Activities & TIPS /
_cJudith A. Belmont.
264 _aEau Claire,
_b PESI Publishing,
_c2016.
300 _a252 p.:
_bill.;
_c29 cm.
653 _a150 სხვა ჯგუფური თერაპიის აქტივობები და რჩევები
653 _aმედიცინა
942 _2udc
_cᲬᲘᲒᲜᲘ